[Event "EU-ch Hybrid U12"]
[Site "Tornelo INT"]
[Date "2021.10.15"]
[Round "5"]
[White "Jalovec, Igor"]
[Black "Kotelnikov, Matvei"]
[Result "1-0"]
[WhiteElo "1539"]
[BlackElo "1302"]
[PlyCount "73"]
[EventDate "2021.10.15"]
[EventType "swiss"]
[EventRounds "9"]
[EventCountry "NET"]
[SourceTitle "EXT 2023"]
[Source "ChessBase"]
[SourceDate "2022.10.05"]
[SourceVersion "1"]
[SourceVersionDate "2022.10.05"]
[SourceQuality "1"]
[WhiteTeam "Slovenia"]
[BlackTeam "Russia"]
[WhiteTeamCountry "SLO"]
[BlackTeamCountry "RUS"]

1. e4 e5 2. Nf3 Nc6 3. d4 exd4 4. Bc4 Nf6 5. e5 d5 6. Bb5 Nd7 7. 0-0 Be7 8. Bxc6 bxc6 9. Nxd4 Nb8 10. Bf4 0-0 11. Re1 c5 12. Nb3 Nc6 13. c3 Be6 14. Qf3 Qd7 15. Qg3 Kh8 16. Bg5 d4 17. Bxe7 Qxe7 18. N1d2 Rfd8 19. Rac1 d3 20. Qe3 c4 21. Nc5 Rd5 22. Nxe6 Rxe5 23. Qf3 Rxe6 24. Re3 Rxe3 25. Qxe3 Qxe3 26. fxe3 Ne5 27. b3 cxb3 28. axb3 g5 29. Rf1 Kg7 30. h3 Rd8 31. Ra1 Ra8 32. Ra5 f6 33. Kf2 h5 34. e4 Kf7 35. Ke3 g4 36. hxg4 hxg4 37. Ra6 1-0

[Event "EU-ch Hybrid U12"]
[Site "Tornelo INT"]
[Date "2021.10.15"]
[Round "1"]
[White "Kiladze, Luka"]
[Black "Kotelnikov, Matvei"]
[Result "0-1"]
[WhiteElo "1775"]
[BlackElo "1302"]
[PlyCount "90"]
[EventDate "2021.10.15"]
[EventType "swiss"]
[EventRounds "9"]
[EventCountry "NET"]
[SourceTitle "EXT 2023"]
[Source "ChessBase"]
[SourceDate "2022.10.05"]
[SourceVersion "1"]
[SourceVersionDate "2022.10.05"]
[SourceQuality "1"]
[WhiteTeam "Georgia"]
[BlackTeam "Russia"]
[WhiteTeamCountry "GEO"]
[BlackTeamCountry "RUS"]

1. d4 Nf6 2. c4 g6 3. Nc3 d5 4. cxd5 Nxd5 5. e4 Nxc3 6. bxc3 Bg7 7. Bc4 c5 8. Ne2 0-0 9. 0-0 Nc6 10. Be3 cxd4 11. cxd4 b6 12. Rc1 Bb7 13. f3 Qd7 14. Qd2 e6 15. Rfd1 Na5 16. Bd3 Rac8 17. Qb4 Rfd8 18. e5 Bf8 19. Qb2 Bd5 20. Bb5 Qb7 21. Bg5 Be7 22. Rxc8 Rxc8 23. Ba6 Qxa6 24. Bxe7 Nc4 25. Qc1 Qxa2 26. Ng3 Qb3 27. Nf1 Rc7 28. Bd8 Rd7 29. Bf6 Qa3 30. Qh6 Qf8 31. Qg5 h6 32. Qg4 Kh7 33. Qh4 a5 34. Rd3 a4 35. f4 a3 36. Rh3 a2 37. Bg5 h5 38. Qe1 Ra7 39. Qa1 Qb4 40. Qd1 a1Q 41. Rxh5+ Kg8 42. Bf6 gxh5 43. Qxh5 Qxf1+ 44. Kxf1 Ra1+ 45. Kf2 Qe1# 0-1

[Event "Sochi Amateur U12 op 6th"]
[Site "Sochi"]
[Date "2019.04.13"]
[Round "9"]
[White "Kotelnikov, Matvei"]
[Black "Nalbandyan, David"]
[Result "1-0"]
[WhiteElo "1173"]
[BlackElo "1296"]
[PlyCount "25"]
[EventDate "2019.04.07"]
[EventType "swiss"]
[EventRounds "9"]
[EventCountry "RUS"]
[SourceTitle "EXT 2021"]
[Source "ChessBase"]
[SourceDate "2020.10.23"]
[SourceVersion "1"]
[SourceVersionDate "2020.10.23"]
[SourceQuality "1"]

1. e4 e5 2. d4 exd4 3. c3 dxc3 4. Bc4 Nf6 5. e5 Bc5 6. exf6 Qxf6 7. Qe2+ Kd8 8. Nf3 Re8 9. Bg5 Rxe2+ 10. Kxe2 cxb2 11. Bxf6+ gxf6 12. Nbd2 bxa1Q 13. Rxa1 1-0

[Event "Sochi Amateur U12 op 6th"]
[Site "Sochi"]
[Date "2019.04.12"]
[Round "8"]
[White "Chaplygin, Ilya"]
[Black "Kotelnikov, Matvei"]
[Result "1-0"]
[WhiteElo "1198"]
[BlackElo "1173"]
[PlyCount "47"]
[EventDate "2019.04.07"]
[EventType "swiss"]
[EventRounds "9"]
[EventCountry "RUS"]
[SourceTitle "EXT 2021"]
[Source "ChessBase"]
[SourceDate "2020.10.23"]
[SourceVersion "1"]
[SourceVersionDate "2020.10.23"]
[SourceQuality "1"]

1. e4 e5 2. Nf3 Nc6 3. Bb5 a6 4. Ba4 Nf6 5. 0-0 Be7 6. Re1 b5 7. Bb3 0-0 8. c3 d5 9. exd5 Nxd5 10. Nxe5 Nxe5 11. Rxe5 c6 12. d4 Bd6 13. Re1 Qh4 14. g3 Qh3 15. Re4 Bd7 16. Bc2 Rae8 17. Rh4 Qe6 18. Bxh7+ Kh8 19. Bf5+ Kg8 20. Bh7+ Kh8 21. Bg6+ Kg8 22. Rh8+ Kxh8 23. Qh5+ Kg8 24. Qh7# 1-0

[Event "Sochi Amateur U12 op 6th"]
[Site "Sochi"]
[Date "2019.04.11"]
[Round "7"]
[White "Kotelnikov, Matvei"]
[Black "Korolev, Nikolay"]
[Result "0-1"]
[WhiteElo "1173"]
[BlackElo "1517"]
[PlyCount "88"]
[EventDate "2019.04.07"]
[EventType "swiss"]
[EventRounds "9"]
[EventCountry "RUS"]
[SourceTitle "EXT 2021"]
[Source "ChessBase"]
[SourceDate "2020.10.23"]
[SourceVersion "1"]
[SourceVersionDate "2020.10.23"]
[SourceQuality "1"]

1. e4 e5 2. Nc3 Nf6 3. Bc4 Nxe4 4. Bxf7+ Kxf7 5. Nxe4 d5 6. Qf3+ Kg8 7. Ng5 Qd7 8. d3 Nc6 9. c3 Bc5 10. Ne2 h6 11. Nh3 Qf7 12. Qxf7+ Kxf7 13. Be3 Bb6 14. Bxb6 axb6 15. Kd2 Bf5 16. d4 exd4 17. Nxd4 Nxd4 18. cxd4 c5 19. dxc5 bxc5 20. Nf4 d4 21. a3 Rhe8 22. Rhe1 Rad8 23. Rac1 b6 24. f3 Bc8 25. b4 Rxe1 26. Kxe1 Re8+ 27. Kd2 cxb4 28. axb4 Ba6 29. g3 g5 30. Nd5 Re2+ 31. Kd1 Rxh2 32. Nxb6 Be2+ 33. Ke1 Bxf3 34. Nd7 Ke7 35. Nc5 Re2+ 36. Kf1 Rb2 37. Na4 Ra2 38. Nc5 Kf7 39. Nd7 Ke6 40. Nc5+ Kd5 41. Rb1 d3 42. Nxd3 Be2+ 43. Ke1 Bxd3 44. b5 Bxb1 0-1

[Event "Sochi Amateur U12 op 6th"]
[Site "Sochi"]
[Date "2019.04.10"]
[Round "5"]
[White "Korneva, Polina"]
[Black "Kotelnikov, Matvei"]
[Result "1/2-1/2"]
[WhiteElo "1324"]
[BlackElo "1173"]
[PlyCount "71"]
[EventDate "2019.04.07"]
[EventType "swiss"]
[EventRounds "9"]
[EventCountry "RUS"]
[SourceTitle "EXT 2021"]
[Source "ChessBase"]
[SourceDate "2020.10.23"]
[SourceVersion "1"]
[SourceVersionDate "2020.10.23"]
[SourceQuality "1"]

1. e4 e5 2. Nf3 Nc6 3. Bb5 a6 4. Ba4 Nf6 5. 0-0 Be7 6. Re1 b5 7. Bb3 0-0 8. c3 d5 9. exd5 Nxd5 10. Nxe5 Nxe5 11. Rxe5 c6 12. d4 Bd6 13. Re1 Qh4 14. g3 Qh3 15. Qf3 Bg4 16. Qg2 Rfe8 17. Rxe8+ Rxe8 18. Qxh3 Bxh3 19. Be3 Nxe3 20. fxe3 Rxe3 21. Kf2 Re7 22. Nd2 Kf8 23. a4 b4 24. Nc4 Bb8 25. Re1 Rxe1 26. Kxe1 bxc3 27. bxc3 Ke7 28. Kf2 Be6 29. Na5 Kd7 30. Bxe6+ fxe6 31. Nc4 Bc7 32. a5 Ke7 33. Ke3 Kf6 34. Ke4 g6 35. Nb6 Ke7 36. Nc4 1/2-1/2